Score 0/18 Timer 05:00
0 Plays Today
Scrambled Magazine Unscrambled Magazine % Correct
EMITTime
98.6%
POLEEPPeople
93.2%
AMMIXMaxim
86.1%
DOGO SPENKUGHIEOEGood Housekeeping
83.6%
MOANSW YADWoman's Day
80.1%
KNEEWEWSNewsweek
79.5%
HARTMA WESTRAT GINVILMartha Stewart Living
78.1%
MAILFY LICCERFamily Circle
76.9%
TREETANNIMTEN WYLEEKEntertainment Weekly
76%
Scrambled Magazine Unscrambled Magazine % Correct
ROLMAGUGlamour
60.1%
RAPPULO SCAMCHEINPopular Mechanics
50%
GEARRN KIRCRanger Rick
49.1%
POOLCIANMOSTCosmopolitan
48.6%
NESTHOUR INLIGVSouthern Living
43.8%
BERKDOORedbook
43.4%
ANTILOAN PAGEROGCHINational Geographic
41%
FENCISTICI MIRECAANScientific American
36.5%
GRANPNITEParenting
21.6%

You're not logged in!

Compare scores with friends on all Sporcle quizzes.
OR
Log In

Sporcle TV

Today on Sporcle TV


Watch our educational content, quiz creation guides, and fun videos on Sporcle TV.

Show Comments

Extras

Top Quizzes Today


Score Distribution

Paid Content

Your Account Isn't Verified!

In order to create a playlist on Sporcle, you need to verify the email address you used during registration. Go to your Sporcle Settings to finish the process.

Report this User

Report this user for behavior that violates our Community Guidelines.

Details: